| 000 | 00839nam a22003370a 4500 | ||
|---|---|---|---|
| 001 | PT62320 | ||
| 003 | AR-LpoUNG | ||
| 005 | 20210131232104.0 | ||
| 008 | 191001s1991||||sp |||||||||||||||||spa d | ||
| 020 |
_a8424909550 _c$54.46 |
||
| 040 |
_aAR-LpoUNG _bspa _cAR-LpoUNG _eaacr |
||
| 041 | _aspa | ||
| 044 | _asp | ||
| 082 | 0 | _a410 379ele | |
| 100 | 1 | _aMartinet, André | |
| 245 | 1 | 0 | _aElementos de lingüística general |
| 250 | _a3ra. ed., 1ra. reimpr. | ||
| 260 |
_aMadrid : _bGredos, _c1991. |
||
| 300 |
_a273 p. : _btbls. |
||
| 650 | 4 | _aCAMBIO SOCIAL | |
| 650 | 4 | _aFONOLOGIA | |
| 650 | 4 | _aINVESTIGACION LINGÜISTICA | |
| 650 | 4 | _aLENGUAJE | |
| 650 | 4 | _aLENGUAS | |
| 650 | 4 | _aLINGÜISTICA | |
| 650 | 4 | _aSEMANTICA | |
| 650 | 4 | _aSOCIEDAD | |
| 700 | 1 |
_aCalonge Ruiz, Julio _etr. |
|
| 905 | _a62320 | ||
| 942 | _cLIB | ||
| 999 |
_c13688 _d13688 |
||